000 00373nam a2200145Ia 4500
008 191201s2005 xx 000 0 und d
082 _a621.3104
_bCHL
100 _aCHANDA, C K
245 0 _aLaboratory Exeperiment on Electrical Machines
250 _aRep
260 _aN.Delhi
_bDhanpat Rai Pub (P) Ltd
_c2005
300 _a197
650 _aB.Tech(ECE)
942 _2ddc
_cBK
999 _c1668
_d1668